000 00948nam0a2200301 4500
001 RU\NLR\bibl\846354
005 20250614150506.0
010 _a5-352-01466-5
_94000
021 _aRU
_b2005-52801
_92576
035 _a(NLR Aleph) 000835132
090 _a1385399
_c1385399
100 _a20050929d2005 |||y0rusy50 ca
101 1 _arus
_ccze
102 _aRU
105 _ay |||||||||
200 1 _aРеставрация обеда
_e[роман]
_fИржи Грошек
_g[пер. с чеш. А. Владимировой]
210 _aСанкт-Петербург
_cАзбука-классика
_d2005
215 _a253, [2] c.
_d20
225 1 _aEspresso
_iХороший вкус
686 _aШ6(2=Р)75-744.04
700 1 _aГрошек
_bИ.
_f1958-
_gИржи
_4070
801 0 _aRU
_bNLR
_c20050929
_grcr
801 1 _aRU
_bNLR
_c20050929
942 _cBOOK
980 _aNB